000 00406nam a2200181Ia 4500
005 20240624114944.0
008 131103s9999 xx 000 0 und d
020 _a0 72381014 1
040 _aLoreto College
041 _aEnglish
082 _a745
_bYOU
245 _aMake pictures
260 _aBritain
_bNelson
_c1974
300 _a22cm.
_b ill.
650 _aCraft
850 _aLCBED
942 _cBK
999 _c28258
_d78737